000 00565nam a2200181 i 4500
001 27905
003 ES-MaACL
005 20230906153728.0
007 t|
008 030115s1878 sp a |||| | spa d
100 1 _aAznar y García, Francisco.
_924320
245 1 0 _aIndumentaria española
_b: documentos para su estudio /
_cFrancisco Aznar y García.
260 _aMadrid :
_b[s.n.,
_c1878]
300 _a[96] p. :
_btodas il. col. ;
_c44 cm.
597 _a11 fascículos de 13 publicaciones.
650 4 _aTraje-
_zEspaña.
_9139569
852 _aES-MaACL
_jB-7319
999 _c27905
_d27905